| 000 | 00955cam a2200289 i 4500 | ||
|---|---|---|---|
| 999 |
_c11365 _d11365 |
||
| 001 | 18648923 | ||
| 003 | INP | ||
| 005 | 20260622100031.0 | ||
| 008 | 150608s2015 caua frb 000 0 eng | ||
| 020 | _a9781626560550 | ||
| 040 |
_aEG-INP _beng _cEG-INP _eEG-INP |
||
| 082 | 0 | 4 |
_a658.4012 _221 _bA S |
| 100 | 1 | _aLevenson, Alec Robert. | |
| 245 | 1 | 0 |
_aStrategic analytics : _badvancing strategy execution and organizational effectiveness / _cAlec Levenson. |
| 260 |
_athe united states of america : _bberrett- koehler publishers.inc, _c2015. |
||
| 300 |
_a228 p. : _billustrations ; _c22 cm |
||
| 504 | _aIncludes bibliographical references. | ||
| 650 | 0 |
_aStrategic planning. _93156 |
|
| 650 | 0 |
_aManagement _xStatistical methods. |
|
| 650 | 0 |
_aDecision making. _9730 |
|
| 650 | 0 |
_aOrganizational effectiveness. _92395 |
|
| 650 | 0 |
_aPersonnel management. _92456 |
|
| 901 | _aEGPV19 | ||
| 902 | _aEGPV3 | ||
| 903 | _acopycat | ||